00358nam a2200109Ia 45000010005000000080041000050200043000460820021000891000011001102450110001212600017002311967241024s9999 xx 000 0 und d a13-978-92-806-4066-3/ 10-92-806-4066-6 a305.2/UN58e/2007 aUNICEF 0aEstado Mundial de la Infancia 2007. La mujer y la infancia. El doble dividendo de la igualdad de género bUNICEFc2006